|
|
|
|
| LEADER |
00000cam a2200000 7i4500 |
| 001 |
0000000339 |
| 005 |
20040225.0 |
| 020 |
0 |
0 |
|a 9839269089 (v.2)
|
| 090 |
0 |
0 |
|a JPSM333.95316095951
|b SUS 1999
|
| 245 |
0 |
0 |
|a SUSTAINABLE management of peat swamp forests in Peninsular Malaysia :
|b volume 2 : Impacts
|c edited by Chin Tuck Yuan & Palle Havmoller
|
| 260 |
0 |
0 |
|a Kuala Lumpur :
|b Forestry Department Peninsular Malaysia ,
|c 1999
|
| 300 |
|
|
|a viii, 453 p. :
|b ill., maps ;
|c 26 cm.
|
| 500 |
0 |
0 |
|a Bibliography: [p.451-453]
|
| 650 |
0 |
0 |
|a Swamp ecology
|z Peninsular Malaysia
|
| 650 |
0 |
0 |
|a Swamp plants
|z Peninsular Malaysia
|
| 650 |
0 |
0 |
|a Wetland conservation
|z Peninsular Malaysia
|
| 700 |
0 |
1 |
|a Chin
|h Tuck Yuan
|
| 700 |
0 |
1 |
|a Havmoller
|h Palle
|
| 710 |
1 |
1 |
|a Malaysia ,
|c Jabatan Perhutanan Semenanjung Malaysia
|
| 998 |
|
|
|a JPSM
|
| 999 |
|
|
|a 0000001513
|b Monograph
|c Reference
|e Default branch
|
| 999 |
|
|
|a 0000001514
|b Monograph
|c Reference
|e Default branch
|
| 999 |
|
|
|a 0000001515
|b Monograph
|c Open Shelf
|e Default branch
|
| 999 |
|
|
|a 0000001516
|b Monograph
|c Open Shelf
|e Default branch
|
| 999 |
|
|
|a 0000001517
|b Monograph
|c Open Shelf
|e Default branch
|